CARAKA SAMHITA (Record no. 14479)

MARC details
000 -LEADER
fixed length control field 00358nam a22001577a 4500
003 - CONTROL NUMBER IDENTIFIER
control field SGT
020 ## - INTERNATIONAL STANDARD BOOK NUMBER
International Standard Book Number 978-81-89469-30-6
082 ## - DEWEY DECIMAL CLASSIFICATION NUMBER
Classification number 615.53
Item number C09S
100 ## - MAIN ENTRY--PERSONAL NAME
Personal name SENGUPTA, NARENDRANATH
245 ## - TITLE STATEMENT
Title CARAKA SAMHITA
250 ## - EDITION STATEMENT
Edition statement 3RD
260 ## - PUBLICATION, DISTRIBUTION, ETC. (IMPRINT)
Place of publication, distribution, etc DELHI
Name of publisher, distributor, etc CHAUKHAMBHA PUB
Year of Publication 2009
300 ## - PAGE DESCRIPTION
No. of Pages 592-1189-2260-3068-3828
650 ## - SUBJECT ADDED ENTRY--TOPICAL TERM
Topical term or geographic name as entry element AYURVEDA
942 ## - ADDED ENTRY ELEMENTS (KOHA)
Source of classification or shelving scheme Dewey Decimal Classification
Koha item type Books
Holdings
Withdrawn status Lost status Source of classification or shelving scheme Damaged status Use restrictions Not for loan Collection code Home library Current library Shelving location Date acquired Vendor Name Cost, normal purchase price Volume Information (Serial or Books or Non-Book Material) SGTU Bill Number Full call number Accession No. (Barcode) Date last seen Bill Date Koha item type Total Checkouts Date last borrowed
    Dewey Decimal Classification   Restricted Access   AYURVEDA SGT FA-FP Library SGT FA-FP Library Reference Book 11/01/2018 CHAUKHAMBHA PUB 2500.00 1-5 SGTU CP/B/849 615.53 C09S FA7401 11/01/2018 25/12/2017 Books    
    Dewey Decimal Classification   Restricted Access   AYURVEDA SGT FA-FP Library SGT FA-FP Library Reference Book 11/01/2018 CHAUKHAMBHA PUB 2500.00 1-5 SGTU CP/B/849 615.53 C09S FA7402 11/01/2018 25/12/2017 Books    
    Dewey Decimal Classification   Restricted Access   AYURVEDA SGT FA-FP Library SGT FA-FP Library Reference Book 11/01/2018 CHAUKHAMBHA PUB 2500.00 1-5 SGTU CP/B/849 615.53 C09S FA7403 11/01/2018 25/12/2017 Books    
    Dewey Decimal Classification   Restricted Access   AYURVEDA SGT FA-FP Library SGT FA-FP Library Reference Book 11/01/2018 CHAUKHAMBHA PUB 2500.00 1-5 SGTU CP/B/849 615.53 C09S FA7404 01/10/2020 25/12/2017 Books 1 30/09/2020
    Dewey Decimal Classification   Restricted Access   AYURVEDA SGT FA-FP Library SGT FA-FP Library Reference Book 11/01/2018 CHAUKHAMBHA PUB 2500.00 1-5 SGTU CP/B/849 615.53 C09S FA7405 11/01/2018 25/12/2017 Books